000 01329nam a2200337 a 4500
001 ebr10422550
003 CaPaEBR
006 m u
007 cr cn|||||||||
008 100604s2010 njua sb 001 0 eng d
010 _z 2010455091
020 _z9789812833464
020 _z9812833463
020 _z9789812833471 (e-book)
040 _aCaPaEBR
_cCaPaEBR
035 _a(OCoLC)670429605
050 1 4 _aQR372.O6
_bH86 2010eb
245 0 0 _aHuman oncogenic viruses
_h[electronic resource] /
_ceditors, Jing-Hsiung James Ou, T. S. Benedict Yen.
260 _aNew Jersey :
_bWorld Scientific,
_cc2010.
300 _axiv, 339 p. :
_bill. (some col.).
504 _aIncludes bibliographical references and index.
533 _aElectronic reproduction.
_bPalo Alto, Calif. :
_cebrary,
_d2013.
_nAvailable via World Wide Web.
_nAccess may be limited to ebrary affiliated libraries.
650 0 _aOncogenic viruses.
650 0 _aHepatitis viruses.
650 0 _aHerpesviruses.
655 7 _aElectronic books.
_2local
700 1 _aOu, J.-H. James
_q(Jing-hsiung James),
_d1954-
700 1 _aYen, T. S. Benedict
_q(Tien-Sze Benedict),
_d1953-2009.
710 2 _aebrary, Inc.
856 4 0 _uhttp://site.ebrary.com/lib/rucke/Doc?id=10422550
_zAn electronic book accessible through the World Wide Web; click to view
999 _c142174
_d142174